000
00295nam a22001337a 4500
008
181102b xxu||||| |||| 00| 0 eng d
020
_a
0471587419
041
_a
eng
080
_2
7th
_a
510
100
_a
37
101
_a
MAT
245
_a
Elementary Linear Algebra
_c
Anton, H
942
_2
udc
_c
BK
999
_c
51674
_d
51674